logo

Bir Sreshtho Munshi Abdur Rouf Library
Jhenaidah Cadet College

হাঙর নদী গ্রেনেড / (Record no. 380)

MARC details
000 -LEADER
fixed length control field 00701nam a2200229 a 4500
001 - CONTROL NUMBER
JCCL Control Number 380
003 - CONTROL NUMBER IDENTIFIER
JCCL marc code BD-JhCC
005 - DATE AND TIME OF LATEST TRANSACTION
control field 20220811134024.0
008 - FIXED-LENGTH DATA ELEMENTS--GENERAL INFORMATION
fixed length control field 171004s2003 bg a|||| |||| 000 0 ben d
020 ## - INTERNATIONAL STANDARD BOOK NUMBER
International Standard Book Number 9844122996
035 ## - SYSTEM CONTROL NUMBER
system control number (BD-JhCC) 380
040 ## - CATALOGING SOURCE
Original cataloging agency BD-JhCC
Modifying agency BD-JhCC
041 ## - LANGUAGE CODE
Language code of Book ben
082 ## - DEWEY DECIMAL CLASSIFICATION NUMBER
Classification number 891.443
Author mark and Year HOS 2003
100 ## - MAIN ENTRY--PERSONAL NAME
Personal name হোসেন, সেলিনা
245 ## - TITLE STATEMENT
Title হাঙর নদী গ্রেনেড /
Statement of responsibility, etc সেলিনা হোসেন
260 ## - PUBLICATION, DISTRIBUTION, ETC. (IMPRINT)
Place of publication, distribution, etc ঢাকা;
Name of publisher, distributor, etc অনন্যা,
Date of publication, distribution, etc ২০০৩
300 ## - PHYSICAL DESCRIPTION
Pagination ১১১ পৃ.;
Dimensions ২২ সে. মি.
650 ## - SUBJECT ADDED ENTRY--TOPICAL TERM
Topical term or geographic name as entry element Bengali Novel
942 ## - ADDED ENTRY ELEMENTS (KOHA)
Source of classification or shelving scheme Dewey Decimal Classification
Koha item type Books
Koha issues (borrowed), all copies 5
Holdings
Source of classification or shelving scheme Damaged status Not for loan Home library Current library Shelving location Date of accession Source of acquisition Cost, normal purchase price Total Checkouts Full call number Barcode Date last seen Date checked out Copy number Koha item type
Dewey Decimal Classification     JCC Rouf Library JCC Rouf Library General Stacks 10/04/2017 IPDC 150.00 4 891.443 HOS 2003 1345 07/18/2023 05/09/2023 C-1 Books

JCC Library | Contacts | JCC Home

Last Update on 23 September 2017
Copyright @ 2017-2020 JCC Rouf Library
Rouf Library, Jhenidah Cadet College (JCC), Bangladesh